000
00227nam a2200097Ia 4500
008
190216s9999||||xx |||||||||||||| ||und||
100
_a
State Planning Board
245
0
_a
"Economic Review 1981,1992"
260
_b
Null
942
_c
BK
999
_c
9840
_d
9840